000 00676nam a2200289Ia 4500
005 20260324121114.0
008 008 260324s9999 xx 000 0 eng d
020 _a9781315777320
037 _aEBOOK
040 _aCRL
040 _beng
040 _cCRL
041 _2eng
041 _aeng
084 _qCRL
100 _aPaul Kearns
_9874973
245 0 _aOrganizational Learning and Development
245 0 _bFrom an Evidence Base
260 _bTaylor and Francis
260 _c2014
365 _a
365 _b230
856 _uhttp://www.taylorfrancis.com/books/9781315777320
942 _cEBOOK
999 _c1753106
_d1753106